Cooperative effects in optics: superradiance and phase transitions by A V Andreev and others (Record no. 1211554)

MARC details
000 -LEADER
fixed length control field 01077nam a2200325Ia 4500
003 - CONTROL NUMBER IDENTIFIER
control field OSt
005 - DATE AND TIME OF LATEST TRANSACTION
control field 20221007123223.0
008 - FIXED-LENGTH DATA ELEMENTS--GENERAL INFORMATION
fixed length control field 221006b |||||||| |||| 00| 0 eng d
020 ## - INTERNATIONAL STANDARD BOOK NUMBER
International Standard Book Number 0750302194
037 ## - SOURCE OF ACQUISITION
Terms of availability Textual
040 ## - CATALOGING SOURCE
Original cataloging agency PAPL
Transcribing agency PAPL
Language of cataloging eng
041 ## - LANGUAGE CODE
Source of code eng
Language code of text/sound track or separate title eng
100 ## - MAIN ENTRY--PERSONAL NAME
Personal name Andreev A V
9 (RLIN) 716892
245 #0 - TITLE STATEMENT
Title Cooperative effects in optics: superradiance and phase transitions by A V Andreev and others
Remainder of title Emelyanov V I Ilinskii Yu A
260 ## - PUBLICATION, DISTRIBUTION, ETC.
Place of publication, distribution, etc. Bristol
Name of publisher, distributor, etc. Institute of Physics Publishing
Date of publication, distribution, etc. 1993
300 ## - PHYSICAL DESCRIPTION
Extent 467p
Dimensions cm.
490 ## - SERIES STATEMENT
Series statement Malvern physics series
500 ## - GENERAL NOTE
General note 23/CSL/Carpa/94-95/1829^d1994-09-06^mPurchase; ^c1995-04-21^dSB
650 ## - SUBJECT ADDED ENTRY--TOPICAL TERM
Topical term or geographic name entry element Emission
9 (RLIN) 716893
650 ## - SUBJECT ADDED ENTRY--TOPICAL TERM
Topical term or geographic name entry element Radiantion
9 (RLIN) 716894
650 ## - SUBJECT ADDED ENTRY--TOPICAL TERM
Topical term or geographic name entry element Physics
700 ## - ADDED ENTRY--PERSONAL NAME
Personal name Emelyanov V I
9 (RLIN) 716895
700 ## - ADDED ENTRY--PERSONAL NAME
Personal name Ilinskii Yu A
9 (RLIN) 716896
942 ## - ADDED ENTRY ELEMENTS (KOHA)
Classification part C5:72, N3
Koha item type Textual
Source of classification or shelving scheme Colon Classification (CC)
Holdings
Withdrawn status Lost status Source of classification or shelving scheme Damaged status Not for loan Home library Current library Date acquired Source of acquisition Total Checkouts Full call number Barcode Date last seen Price effective from Koha item type
    Colon Classification (CC)     Department of Physics and Astrophysics Library Department of Physics and Astrophysics Library 2022-10-07 Shankar,   C5:72 N3 PA0005082 2022-10-07 2022-10-07 Textual
Copyright @ Delhi University Library System